000 00846nac a22002657a 4500
001 BR9208470
003 BR-BrBNA
005 20240105121249.0
008 230509b bl.|||m| |||| 00| 0 por d
040 _aBR-BrBNA
_bpor
_cBiblioteca Nacional de Agricultura
072 _aH20
090 _a4120 BR9208470
100 1 _aSouza, A.F.R. de
110 1 _aMuseu Botanico Municipal, Curitiba, PR (Brasil)
_97640
245 1 _aLista de fungos em plantas do Jardim Botanico do Rio de Janeiro. 1. Dicotiledoneas
260 3 _aCuritiba, PR (Brasil):
_c1976.
300 _a8 p.
490 _aBoletim do Museu Botanico Municipal (Brazil)
_vno. 27
_x
500 _aSummaries (En, Pt); 9 ref.
650 _aDICOTILEDONEA
650 _aFUNGO
650 _aRIO DE JANEIRO
909 _a202312
_bLúcia Elande
_c55
_dLúcia Elande
942 _2AGRIS
_n0
_cMS
999 _c284286
_d284286